| 000 | 00846nam a22002177a 4500 | ||
|---|---|---|---|
| 999 |
_c13420 _d13420 |
||
| 003 | AR-CdUCM | ||
| 008 | 190415b ||||| |||| 00| 0 spa d | ||
| 040 |
_aMUNICIPALIDAD PROVINCIAL DEL CUSCO _cBIBLIOTECA MUNICIPAL DEL CUSCO |
||
| 082 |
_aC / 985.61 / _bG55 |
||
| 100 |
_aClave Testino, Luis Miguel _931830 |
||
| 245 | _aProblemas para el estudio de la historia regional : En el caso de Cusco / | ||
| 260 |
_aCusco : _bCentro las casas, |
||
| 300 |
_a42 páginas ; _c21 cm |
||
| 440 |
_aDocumento 2 de trabajo _931831 |
||
| 505 | _aContenidos : Introducción -- La formación regional cusqueña en el espacio colonial peruano : El Cusco y el mercado interno colonial -- El Cusco como nudo regional ... | ||
| 650 |
_aHistoria _9136 |
||
| 650 |
_aColonia _91685 |
||
| 650 |
_aCusco _9772 |
||
| 942 |
_2ddc _cLIBROS |
||
| 945 |
_arah _d15/04/2019 |
||